00594nam a22002057a 450000500170000001000130001702000220003003500130005203700160006504000120008108200080009310000190010124500470012026000480016727000450021530000240026050000510028465000280033565000250036320170124105923.0 aA-937218 c00.00a8171009980 aA-937218 bCen Lib/Ret aDPLbEN a327 aMohla, Vandana aSAARC and super powers /cby Vandana Mohla aNew DelhibDeep and Deep Publicationsc1998 aF-159, Rajouri GardenbNew Delhie110027 axv, 345p.c22cm(Hb) aIncludes bibliographical references and index aInternational relations aPeaceful coexistence